Pokémon - Les attaques de Dofin - Statistiques

Statistiques générales
  • Ce quiz a été pris 12 fois
  • Le résultat moyen est 9 sur 13
Statistiques - réponses
Niveaux Types Noms des attaques % Correct
Niveau 44 Glace Brume
100%
Niveau 25 Fée Charme
100%
Niveau 7 Spectre Étonnement
100%
Départ Eau Pistolet à O
100%
Niveau 13 Eau Aqua-Jet
86%
Niveau 50 Eau Hydrocanon
86%
Niveau 39 Eau Hydro-Queue
86%
Niveau 29 Vol Acrobatie
71%
Départ Normal Ultrason
71%
Niveau 21 Eau Plongée
57%
Niveau 34 Normal Encore
43%
Niveau 10 Normal Puissance
14%
Niveau 17 Normal Coup Double
0%
Aucun quiz correspondant
Distribution des résultats
% des personnes avec chaque résultat
Percentile par nombre de réponses
Votre historique - résultats
Vous n’avez pas pris ce quiz